[Event "GBR-ch76"]
[Site "Plymouth"]
[Date "1989.08.05"]
[Round "6.3"]
[White "King, Daniel John"]
[Black "McDonald, Neil R"]
[Result "1/2-1/2"]
[WhiteElo "2495"]
[BlackElo "2360"]
[PlyCount "120"]
[EventDate "1989.07.31"]
[EventType "swiss"]
[EventRounds "11"]
[EventCountry "GBR"]
[SourceTitle "BritBase"]
[Source "John Saunders"]
[SourceDate "2023.12.16"]
[SourceVersion "1"]
[SourceVersionDate "2023.12.16"]
[SourceQuality "1"]

1. e4 g6 2. d4 d6 3. Nf3 Nf6 4. Nc3 Bg7 5. Be2 O-O 6. O-O Nc6 7. d5 Nb8 8. h3
e5 9. Bg5 h6 10. Be3 Nh5 11. Qd2 Kh7 12. g4 f5 13. exf5 gxf5 14. gxh5 f4 15.
Kh2 fxe3 16. Bd3+ Kh8 17. fxe3 Nd7 18. Ne4 Qe8 19. Ng3 e4 20. Bxe4 Ne5 21. Nd4
Bd7 22. Rxf8+ Qxf8 23. Rf1 Qe7 24. Ngf5 Bxf5 25. Nxf5 Nc4 26. Qg2 Qe5+ 27. Kh1
Re8 28. Rf4 Nxe3 29. Qxg7+ Qxg7 30. Nxg7 Kxg7 31. Bg6 Nxd5 32. Rf7+ Kg8 33. Rd7
Re7 34. Rd8+ Kg7 35. Ra8 a6 36. a4 Nf4 37. Bf5 Kf6 38. Bc8 Re1+ 39. Kh2 Rc1 40.
Bxb7 Rxc2+ 41. Kg3 Ne2+ 42. Kf3 Rxb2 43. Bxa6 Nd4+ 44. Ke3 Ke5 45. Bc4 d5 46.
Bd3 c5 47. Re8+ Ne6 48. Bg6 Kf6 49. Rh8 c4 50. Rxh6 d4+ 51. Ke4 Kg5 52. Rh8 d3
53. Rg8 Kh6 54. Bf5 Nc5+ 55. Kd4 d2 56. Rg6+ Kxh5 57. Rg1 Nxa4 58. Kxc4 Rb8 59.
Bg4+ Kh4 60. Kd3 Rd8+ 1/2-1/2

[Event "GBR-ch76"]
[Site "Plymouth"]
[Date "1989.08.05"]
[Round "6.4"]
[White "Barua, Dibyendu"]
[Black "Norwood, David Robert"]
[Result "0-1"]
[WhiteElo "2470"]
[BlackElo "2485"]
[PlyCount "88"]
[EventDate "1989.07.31"]
[EventType "swiss"]
[EventRounds "11"]
[EventCountry "GBR"]
[SourceTitle "BritBase"]
[Source "John Saunders"]
[SourceDate "2023.12.16"]
[SourceVersion "1"]
[SourceVersionDate "2023.12.16"]
[SourceQuality "1"]

1. e4 g6 2. d4 Bg7 3. c4 c5 4. d5 d6 5. Nc3 Nf6 6. Be2 O-O 7. Nf3 e6 8. dxe6
fxe6 9. e5 Ne8 10. O-O Nc6 11. Bg5 Qd7 12. exd6 Nxd6 13. Qd2 Nd4 14. Rad1 b6
15. Bh6 Bxh6 16. Qxh6 N6f5 17. Qh3 Bb7 18. Ne5 Qg7 19. Ng4 Rad8 20. Bd3 h5 21.
Ne3 Qf6 22. Bxf5 gxf5 23. Qxh5 Rd7 24. f4 Rh7 25. Qg5+ Qxg5 26. fxg5 Rh5 27.
Nb5 f4 28. Nxd4 cxd4 29. Ng4 Rxg5 30. h3 e5 31. Rfe1 f3 32. Rxe5 Rxe5 33. Nxe5
fxg2 34. Ng6 Re8 35. Nh4 Re2 36. Kh2 Re4 37. Kg3 Re7 38. Nf5 Re2 39. Kh2 d3 40.
Nd4 Rxb2 41. Rxd3 Rb1 42. Ne2 Rh1+ 43. Kg3 g1=Q+ 44. Nxg1 Rxg1+ 0-1

[Event "GBR-ch76"]
[Site "Plymouth"]
[Date "1989.08.05"]
[Round "6.5"]
[White "Emms, John M"]
[Black "Levitt, Jonathan P"]
[Result "1/2-1/2"]
[WhiteElo "2300"]
[BlackElo "2480"]
[PlyCount "51"]
[EventDate "1989.07.31"]
[EventType "swiss"]
[EventRounds "11"]
[EventCountry "GBR"]
[SourceTitle "BritBase"]
[Source "John Saunders"]
[SourceDate "2023.12.16"]
[SourceVersion "1"]
[SourceVersionDate "2023.12.16"]
[SourceQuality "1"]

1. e4 e6 2. d4 d5 3. Nd2 c5 4. exd5 Qxd5 5. Ngf3 cxd4 6. Bc4 Qd6 7. O-O Nf6 8.
Nb3 Nc6 9. Nbxd4 Nxd4 10. Nxd4 a6 11. Re1 Qc7 12. Qe2 Bc5 13. c3 b5 14. Bb3 O-O
15. Bg5 Bb7 16. Bxf6 gxf6 17. Qh5 Kh8 18. Qh6 Rg8 19. Qxf6+ Rg7 20. g3 Be7 21.
Qe5 Bd6 22. Qf6 Be7 23. Qe5 Bd6 24. Qf6 Be7 25. Qe5 Bd6 26. Qf6 1/2-1/2

[Event "GBR-ch76"]
[Site "Plymouth"]
[Date "1989.08.05"]
[Round "6.6"]
[White "Arkell, Keith C"]
[Black "Conquest, Stuart C"]
[Result "1-0"]
[WhiteElo "2450"]
[BlackElo "2515"]
[PlyCount "65"]
[EventDate "1989.07.31"]
[EventType "swiss"]
[EventRounds "11"]
[EventCountry "GBR"]
[SourceTitle "BritBase"]
[Source "John Saunders"]
[SourceDate "2023.12.16"]
[SourceVersion "1"]
[SourceVersionDate "2023.12.16"]
[SourceQuality "1"]

1. d4 f5 2. g3 Nf6 3. Bg2 g6 4. c4 Bg7 5. Nc3 O-O 6. Nh3 c6 7. Nf4 Na6 8. O-O
Rb8 9. e4 fxe4 10. Nxe4 b5 11. Nxf6+ Bxf6 12. d5 bxc4 13. dxc6 e6 14. Qe2 Nc7
15. cxd7 Qxd7 16. Qc2 Ba6 17. Rd1 Qf7 18. Bc6 Rfd8 19. Be3 e5 20. Ne2 Rd3 21.
Nc3 Bg7 22. Bxa7 Rbd8 23. Qa4 Bc8 24. Bb6 Kh8 25. Qa7 R8d6 26. Be4 Rxd1+ 27.
Rxd1 Rxd1+ 28. Nxd1 Qd7 29. Ne3 Nb5 30. Qxd7 Bxd7 31. Nxc4 Be6 32. Bd3 e4 33.
Bf1 1-0

[Event "GBR-ch76"]
[Site "Plymouth"]
[Date "1989.08.05"]
[Round "6.8"]
[White "Burgess, Graham K"]
[Black "Watson, William Nicholas"]
[Result "0-1"]
[WhiteElo "2350"]
[BlackElo "2495"]
[PlyCount "78"]
[EventDate "1989.07.31"]
[EventType "swiss"]
[EventRounds "11"]
[EventCountry "GBR"]
[SourceTitle "BritBase"]
[Source "John Saunders"]
[SourceDate "2023.12.16"]
[SourceVersion "1"]
[SourceVersionDate "2023.12.16"]
[SourceQuality "1"]

1. d4 Nf6 2. c4 g6 3. Nc3 Bg7 4. e4 d6 5. Nf3 O-O 6. Be2 e5 7. O-O Nc6 8. d5
Ne7 9. Ne1 Nd7 10. Be3 f5 11. f3 f4 12. Bf2 g5 13. b4 Nf6 14. c5 Ng6 15. cxd6
cxd6 16. Rc1 Rf7 17. a4 h5 18. a5 Bd7 19. Nb5 Bxb5 20. Bxb5 g4 21. Kh1 g3 22.
Bg1 gxh2 23. Bf2 a6 24. Bb6 Qf8 25. Be2 h4 26. Kxh2 Nh5 27. Nd3 Bf6 28. Rg1 Ng3
29. Qd2 Bd8 30. Bxd8 Rxd8 31. Rc2 Rh7 32. Nf2 h3 33. gxh3 Qh6 34. Bf1 Kh8 35.
Bg2 Nh4 36. Qc1 Qg5 37. Rc3 Ne2 38. Bh1 Qg3+ 39. Rxg3 fxg3# 0-1

[Event "GBR-ch76"]
[Site "Plymouth"]
[Date "1989.08.05"]
[Round "6.9"]
[White "Mestel, A Jonathan"]
[Black "Ruxton, Keith"]
[Result "1-0"]
[WhiteElo "2520"]
[BlackElo "2325"]
[PlyCount "79"]
[EventDate "1989.07.31"]
[EventType "swiss"]
[EventRounds "11"]
[EventCountry "GBR"]
[SourceTitle "BritBase"]
[Source "John Saunders"]
[SourceDate "2023.12.16"]
[SourceVersion "1"]
[SourceVersionDate "2023.12.16"]
[SourceQuality "1"]

1. e4 c6 2. c4 d5 3. cxd5 Nf6 4. dxc6 Nxc6 5. d3 e5 6. Be2 Qb6 7. Nf3 Bc5 8.
O-O Ng4 9. Qe1 Bd7 10. Nbd2 Qc7 11. Nb3 Bb6 12. Qc3 O-O 13. h3 Nf6 14. Be3 Rfe8
15. Nc5 Rad8 16. b4 Bc8 17. Rac1 Qe7 18. Rfe1 Nd7 19. d4 exd4 20. Nxd4 Nxd4 21.
Bxd4 Nxc5 22. bxc5 Ba5 23. Qxa5 Rxd4 24. Bb5 Red8 25. Qxa7 Rxe4 26. Rxe4 Qxe4
27. c6 Qf4 28. Re1 bxc6 29. Bxc6 Be6 30. a4 g6 31. a5 Qd2 32. Rb1 Bf5 33. Rf1
Kg7 34. Qc5 Bd3 35. Qe5+ Kg8 36. Re1 Ba6 37. h4 Qd6 38. Bf3 Qb4 39. h5 Bb5 40.
h6 1-0

[Event "GBR-ch76"]
[Site "Plymouth"]
[Date "1989.08.05"]
[Round "6.10"]
[White "Morris, Philip J"]
[Black "Kosten, Anthony C"]
[Result "1-0"]
[WhiteElo "2345"]
[BlackElo "2500"]
[PlyCount "99"]
[EventDate "1989.07.31"]
[EventType "swiss"]
[EventRounds "11"]
[EventCountry "GBR"]
[SourceTitle "BritBase"]
[Source "John Saunders"]
[SourceDate "2023.12.16"]
[SourceVersion "1"]
[SourceVersionDate "2023.12.16"]
[SourceQuality "1"]

1. e4 g6 2. d4 Bg7 3. Nc3 d6 4. f4 Nc6 5. Be3 Nf6 6. Nf3 O-O 7. Bd3 Bg4 8. h3
Bxf3 9. Qxf3 e5 10. dxe5 dxe5 11. f5 Nd4 12. Qf2 Nh5 13. O-O-O c6 14. Ne2 Qa5
15. Kb1 Nxe2 16. Bxe2 Nf6 17. Bd3 Nh5 18. g4 Nf4 19. g5 Nxd3 20. Rxd3 Rfd8 21.
Rxd8+ Rxd8 22. h4 Bf8 23. h5 gxf5 24. Qxf5 Qc7 25. g6 fxg6 26. hxg6 Qd7 27.
gxh7+ Kh8 28. Qg6 Bg7 29. a3 a6 30. Rg1 Rf8 31. Bh6 Rf7 32. Ka2 Qe7 33. Rd1 Qf8
34. Bg5 Bf6 35. Bxf6+ Rxf6 36. Qg5 Qf7+ 37. b3 Re6 38. Rd7 Qg6 39. Qxg6 Rxg6
40. Rxb7 Rg4 41. Ra7 Rxe4 42. Rxa6 c5 43. Ra7 Re1 44. Kb2 e4 45. Re7 e3 46. a4
Rh1 47. Rxe3 c4 48. b4 Rh4 49. Re8+ Kxh7 50. a5 1-0

[Event "GBR-ch76"]
[Site "Plymouth"]
[Date "1989.08.05"]
[Round "6.11"]
[White "Beaumont, Chris R"]
[Black "Ledger, Andrew J"]
[Result "1/2-1/2"]
[WhiteElo "2460"]
[BlackElo "2225"]
[PlyCount "27"]
[EventDate "1989.07.31"]
[EventType "swiss"]
[EventRounds "11"]
[EventCountry "GBR"]
[SourceTitle "BritBase"]
[Source "John Saunders"]
[SourceDate "2023.12.16"]
[SourceVersion "1"]
[SourceVersionDate "2023.12.16"]
[SourceQuality "1"]

1. Nf3 Nf6 2. c4 g6 3. Nc3 d5 4. cxd5 Nxd5 5. Qa4+ Bd7 6. Qh4 Nxc3 7. dxc3 Nc6
8. e4 e5 9. Bg5 Be7 10. Qh6 Bxg5 11. Nxg5 Qe7 12. Bc4 f6 13. Nf3 O-O-O 14.
O-O-O 1/2-1/2

[Event "GBR-ch76"]
[Site "Plymouth"]
[Date "1989.08.05"]
[Round "6.12"]
[White "Cullip, Stephen J"]
[Black "Howell, James C"]
[Result "1/2-1/2"]
[WhiteElo "2300"]
[BlackElo "2395"]
[PlyCount "103"]
[EventDate "1989.07.31"]
[EventType "swiss"]
[EventRounds "11"]
[EventCountry "GBR"]
[SourceTitle "BritBase"]
[Source "John Saunders"]
[SourceDate "2023.12.16"]
[SourceVersion "1"]
[SourceVersionDate "2023.12.16"]
[SourceQuality "1"]

1. e4 e5 2. Nf3 Nc6 3. Bb5 a6 4. Ba4 Nf6 5. O-O Be7 6. Re1 b5 7. Bb3 O-O 8. c3
d6 9. h3 Bb7 10. d4 Re8 11. Nbd2 Bf8 12. a3 g6 13. Bc2 Nb8 14. b4 Nbd7 15. Bb2
Bg7 16. Qb1 Nb6 17. dxe5 dxe5 18. Bb3 Nfd7 19. c4 c5 20. Qa2 Qe7 21. Rac1 Rac8
22. Bc3 Qf6 23. Nh2 h5 24. Re3 Rf8 25. Rce1 bxc4 26. Nxc4 Nxc4 27. Bxc4 Nb6 28.
Bb3 c4 29. Bc2 Qe7 30. Qb2 Bc6 31. Nf3 Rfe8 32. Rd1 Na4 33. Bxa4 Bxa4 34. Rd5
f6 35. Nh4 Bc6 36. Rc5 Qf7 37. Qe2 Kh7 38. Rg3 g5 39. Nf5 Bf8 40. Ra5 Bd7 41.
Rxa6 Bxf5 42. exf5 Ra8 43. Rxa8 Rxa8 44. Bb2 Rd8 45. Re3 Kh6 46. Re4 Rd3 47.
Qc2 Qd7 48. Rxc4 Rd1+ 49. Kh2 Rd2 50. Qc3 Rxf2 51. Rc6 Rxf5 52. Qc4 1/2-1/2

[Event "GBR-ch76"]
[Site "Plymouth"]
[Date "1989.08.05"]
[Round "6.14"]
[White "Lewis, Andrew P"]
[Black "Cooper, John Grantley"]
[Result "1/2-1/2"]
[WhiteElo "2285"]
[BlackElo "2390"]
[PlyCount "64"]
[EventDate "1989.07.31"]
[EventType "swiss"]
[EventRounds "11"]
[EventCountry "GBR"]
[SourceTitle "BritBase"]
[Source "John Saunders"]
[SourceDate "2023.12.16"]
[SourceVersion "1"]
[SourceVersionDate "2023.12.16"]
[SourceQuality "1"]

1. c4 Nf6 2. Nc3 e6 3. e4 d5 4. e5 Ne4 5. Nf3 Nc6 6. Be2 Be7 7. d4 O-O 8. O-O
Kh8 9. Be3 f5 10. exf6 Bxf6 11. Bd3 Nxc3 12. bxc3 dxc4 13. Be4 Bd7 14. Qb1 Ne7
15. Bxh7 Bc6 16. Be4 Bxe4 17. Qxe4 Qd5 18. Qg4 Qf5 19. Qg3 Nd5 20. Bd2 Kg8 21.
Rae1 Rad8 22. Ne5 Bxe5 23. Rxe5 Qc2 24. Qg4 Qxd2 25. Qxe6+ Rf7 26. Rxd5 Rxd5
27. Qxd5 Qxc3 28. h3 c6 29. Qe6 Qd2 30. Qc8+ Rf8 31. Qe6+ Kh8 32. f4 Qd3
1/2-1/2

[Event "GBR-ch76"]
[Site "Plymouth"]
[Date "1989.08.05"]
[Round "6.15"]
[White "Lalic, Susan Kathryn"]
[Black "Haque, Rezaul"]
[Result "1/2-1/2"]
[WhiteElo "2345"]
[BlackElo "2285"]
[PlyCount "99"]
[EventDate "1989.07.31"]
[EventType "swiss"]
[EventRounds "11"]
[EventCountry "GBR"]
[SourceTitle "BritBase"]
[Source "John Saunders"]
[SourceDate "2023.12.16"]
[SourceVersion "1"]
[SourceVersionDate "2023.12.16"]
[SourceQuality "1"]

1. e4 Nc6 2. Nf3 e5 3. d4 exd4 4. Nxd4 Qh4 5. Nb5 Qxe4+ 6. Be3 Qe5 7. Qe2 Kd8
8. N1c3 a6 9. Nxc7 Qxc7 10. Nd5 Qa5+ 11. c3 Bc5 12. b4 Nxb4 13. cxb4 Bxb4+ 14.
Nxb4 Qxb4+ 15. Bd2 Qe7 16. O-O-O Qxe2 17. Ba5+ Ke8 18. Bxe2 d5 19. Rxd5 Be6 20.
Rc5 Ne7 21. Bf3 Nc6 22. Bc3 Ke7 23. Bxg7 Rhg8 24. Bh6 Bxa2 25. Rd1 Rac8 26.
Bg5+ f6 27. Be3 Be6 28. Kb2 Bg4 29. Bxg4 Rxg4 30. Rh5 Rg7 31. Bc5+ Kf7 32. Bb6
Ne5 33. Kb3 Rc6 34. Be3 Ke6 35. Rd8 Rgc7 36. Bd4 Rd6 37. Bxe5 Rb6+ 38. Ka3 fxe5
39. Re8+ Kf7 40. Rxh7+ Kxe8 41. Rxc7 Rf6 42. f3 Rg6 43. Rxb7 Rxg2 44. Rb6 Kf7
45. Rxa6 Rf2 46. Kb3 Rxf3+ 47. Kc4 e4 48. Kd4 e3 49. Kd3 Rh3 50. Ke2 1/2-1/2

[Event "GBR-ch76"]
[Site "Plymouth"]
[Date "1989.08.05"]
[Round "6.16"]
[White "Hebden, Mark L"]
[Black "Kinsman, Andrew PH"]
[Result "1/2-1/2"]
[WhiteElo "2520"]
[BlackElo "2330"]
[PlyCount "85"]
[EventDate "1989.07.31"]
[EventType "swiss"]
[EventRounds "11"]
[EventCountry "GBR"]
[SourceTitle "BritBase"]
[Source "John Saunders"]
[SourceDate "2023.12.16"]
[SourceVersion "1"]
[SourceVersionDate "2023.12.16"]
[SourceQuality "1"]

1. d4 Nf6 2. Nf3 d5 3. c4 c6 4. Qc2 Na6 5. cxd5 Nb4 6. Qb3 e5 7. e4 Nxe4 8.
dxc6 Nxc6 9. Bc4 Bb4+ 10. Nc3 O-O 11. O-O Bxc3 12. bxc3 Na5 13. Qc2 Nxc4 14.
Qxe4 exd4 15. Ng5 f5 16. Qd3 Qd5 17. Re1 Bd7 18. Bf4 h6 19. Nf3 Bc6 20. Qxd4 g5
21. Be5 Rae8 22. Qxd5+ Bxd5 23. Bd4 b6 24. a4 Bxf3 25. gxf3 Nd2 26. Kg2 Nb3 27.
Rad1 Rxe1 28. Rxe1 Nxd4 29. cxd4 Rd8 30. Re7 a5 31. Re6 Kg7 32. Rxb6 Rxd4 33.
Rb5 Rxa4 34. Rxf5 Kg6 35. Rb5 h5 36. Rc5 Kf6 37. f4 Rxf4 38. Rxa5 Kg6 39. h3
Rf5 40. Ra4 Re5 41. Ra6+ Kf5 42. Rh6 h4 43. Rh8 1/2-1/2

[Event "GBR-ch76"]
[Site "Plymouth"]
[Date "1989.08.05"]
[Round "6.17"]
[White "Motwani, Paul"]
[Black "Rogers, Jonathan W"]
[Result "1-0"]
[WhiteElo "2490"]
[BlackElo "2335"]
[PlyCount "65"]
[EventDate "1989.07.31"]
[EventType "swiss"]
[EventRounds "11"]
[EventCountry "GBR"]
[SourceTitle "BritBase"]
[Source "John Saunders"]
[SourceDate "2023.12.16"]
[SourceVersion "1"]
[SourceVersionDate "2023.12.16"]
[SourceQuality "1"]

1. e4 e5 2. Nf3 d5 3. exd5 Bd6 4. d4 e4 5. Ne5 Nf6 6. Nc3 O-O 7. Bc4 Nbd7 8.
Nxd7 Bxd7 9. Bg5 h6 10. Bh4 g5 11. Bg3 Bxg3 12. hxg3 Ng4 13. Be2 f5 14. Bxg4
fxg4 15. Qe2 Qf6 16. O-O-O Rae8 17. Nxe4 Qg6 18. Rde1 Bf5 19. f3 gxf3 20. gxf3
g4 21. Qd2 Kg7 22. Nf2 gxf3 23. Re5 Rd8 24. g4 Bc8 25. Re7+ Rf7 26. Rxf7+ Kxf7
27. Rxh6 Qg7 28. Qf4+ Kg8 29. Ne4 Rf8 30. Nf6+ Rxf6 31. Qxf6 f2 32. Qd8+ Kf7
33. Qxc7+ 1-0

[Event "GBR-ch76"]
[Site "Plymouth"]
[Date "1989.08.05"]
[Round "6.18"]
[White "Murugan, Krishnamoorthy"]
[Black "Cooper, Lawrence"]
[Result "1-0"]
[WhiteElo "2450"]
[BlackElo "2300"]
[PlyCount "87"]
[EventDate "1989.07.31"]
[EventType "swiss"]
[EventRounds "11"]
[EventCountry "GBR"]
[SourceTitle "BritBase"]
[Source "John Saunders"]
[SourceDate "2023.12.16"]
[SourceVersion "1"]
[SourceVersionDate "2023.12.16"]
[SourceQuality "1"]

1. Nf3 Nf6 2. g3 b5 3. Bg2 Bb7 4. O-O e6 5. d4 c5 6. Na3 a6 7. c4 b4 8. Nc2
cxd4 9. Nfxd4 Bxg2 10. Kxg2 Qc7 11. Qd3 Nc6 12. Nxc6 Qxc6+ 13. Qf3 Rc8 14. Qxc6
Rxc6 15. b3 d5 16. Ne3 dxc4 17. Nxc4 Be7 18. Bb2 O-O 19. Bxf6 Bxf6 20. Rad1 a5
21. Rd7 a4 22. Rfd1 h6 23. f4 Bc3 24. Ra7 axb3 25. axb3 f5 26. Rdd7 Rxc4 27.
bxc4 b3 28. Rab7 b2 29. Rd3 Bf6 30. Rdb3 Kh7 31. Rb8 Rf7 32. R3b7 Kg6 33. Rxf7
Kxf7 34. c5 Ke7 35. Rb7+ Kd8 36. c6 Kc8 37. Kf3 e5 38. e4 fxe4+ 39. Kxe4 exf4
40. gxf4 Bc3 41. f5 Bf6 42. h3 Bc3 43. Kd5 Bf6 44. Kd6 1-0

[Event "GBR-ch76"]
[Site "Plymouth"]
[Date "1989.08.05"]
[Round "6.19"]
[White "McNab, Colin Anderson"]
[Black "Hamid, Rani"]
[Result "1-0"]
[WhiteElo "2435"]
[BlackElo "2165"]
[PlyCount "83"]
[EventDate "1989.07.31"]
[EventType "swiss"]
[EventRounds "11"]
[EventCountry "GBR"]
[SourceTitle "BritBase"]
[Source "John Saunders"]
[SourceDate "2023.12.16"]
[SourceVersion "1"]
[SourceVersionDate "2023.12.16"]
[SourceQuality "1"]

1. c4 Nf6 2. Nf3 c5 3. g3 Nc6 4. Bg2 g6 5. b3 Bg7 6. Bb2 b6 7. d4 cxd4 8. Nxd4
Bb7 9. O-O O-O 10. Nc3 Rb8 11. Nc2 Ne8 12. Qd2 d6 13. Rad1 Nc7 14. Ne3 h5 15.
Ned5 Nxd5 16. cxd5 Ne5 17. Nb5 Qd7 18. Nxa7 Bxd5 19. Bxd5 Qxa7 20. b4 Rfc8 21.
Bd4 e6 22. Bb3 Qa6 23. a4 b5 24. a5 Rc6 25. Qa2 Nc4 26. Bxg7 Kxg7 27. Qa1+ f6
28. Rd4 e5 29. Rd5 Rd8 30. Rfd1 Rb8 31. Bxc4 bxc4 32. Qa4 Qc8 33. Rxd6 Rxd6 34.
Rxd6 Qf5 35. Rd1 Qe4 36. Qd7+ Kh6 37. Qd2+ g5 38. Qd6 Rg8 39. Qxf6+ Qg6 40.
Qxg6+ Kxg6 41. Rc1 Rc8 42. a6 1-0

[Event "GBR-ch76"]
[Site "Plymouth"]
[Date "1989.08.05"]
[Round "6.20"]
[White "Forbes, Cathy"]
[Black "Ravi, Lanka"]
[Result "1/2-1/2"]
[WhiteElo "2055"]
[BlackElo "2410"]
[PlyCount "33"]
[EventDate "1989.07.31"]
[EventType "swiss"]
[EventRounds "11"]
[EventCountry "GBR"]
[SourceTitle "BritBase"]
[Source "John Saunders"]
[SourceDate "2023.12.16"]
[SourceVersion "1"]
[SourceVersionDate "2023.12.16"]
[SourceQuality "1"]

1. e4 e6 2. d4 d5 3. exd5 exd5 4. Bd3 c5 5. Nf3 c4 6. Bf1 Bd6 7. g3 Nf6 8. Bg5
O-O 9. Nc3 Re8+ 10. Ne2 h6 11. Bxf6 Qxf6 12. Bg2 Bg4 13. Nfg1 Nc6 14. c3 Rxe2+
15. Nxe2 Re8 16. f3 Bf5 17. O-O 1/2-1/2

[Event "GBR-ch76"]
[Site "Plymouth"]
[Date "1989.08.05"]
[Round "6.22"]
[White "Pein, Malcolm"]
[Black "Muir, Andrew J"]
[Result "0-1"]
[WhiteElo "2385"]
[BlackElo "2250"]
[PlyCount "110"]
[EventDate "1989.07.31"]
[EventType "swiss"]
[EventRounds "11"]
[EventCountry "GBR"]
[SourceTitle "BritBase"]
[Source "John Saunders"]
[SourceDate "2023.12.16"]
[SourceVersion "1"]
[SourceVersionDate "2023.12.16"]
[SourceQuality "1"]

1. d4 d5 2. c4 e6 3. Nf3 Nf6 4. g3 dxc4 5. Bg2 a6 6. O-O b5 7. Ne5 c6 8. Nxc6
Qb6 9. Nxb8 Rxb8 10. e4 Bb7 11. Re1 Rd8 12. d5 Bc5 13. Be3 O-O 14. Nc3 Bxe3 15.
Rxe3 b4 16. Na4 Qb5 17. d6 Qc6 18. b3 Rxd6 19. Qf1 Rd4 20. Nb2 c3 21. Nc4 Qc5
22. Qe2 Rfd8 23. h3 Bc6 24. a3 a5 25. axb4 axb4 26. Ra5 Bb5 27. Qc2 Qc6 28. e5
Nd5 29. Re4 Rxe4 30. Qxe4 Bxc4 31. bxc4 b3 32. cxd5 Qc7 33. dxe6 fxe6 34. Ra8
c2 35. Rxd8+ Qxd8 36. Qc6 Kf7 37. Bf3 Qd2 38. Qb7+ Kf8 39. Qc8+ Ke7 40. Qc5+
Kf7 41. Qc7+ Kg6 42. Qe7 c1=Q+ 43. Kg2 Kf5 44. Qxg7 Qg5 45. Bg4+ Ke4 46. Qb7+
Kd4 47. Qxb3 Qxe5 48. Qa4+ Qc4 49. Qa1+ Qc3 50. Qa7+ Kc4 51. Qa6+ Kc5 52. Qa7+
Kd6 53. Qb8+ Kd7 54. Qf8 Qf6 55. Qb8 Qc6+ 0-1

[Event "GBR-ch76"]
[Site "Plymouth"]
[Date "1989.08.05"]
[Round "6.24"]
[White "Nicholson, John Graham"]
[Black "Holmes, Donald A"]
[Result "1/2-1/2"]
[WhiteElo "2295"]
[BlackElo "2310"]
[PlyCount "40"]
[EventDate "1989.07.31"]
[EventType "swiss"]
[EventRounds "11"]
[EventCountry "GBR"]
[SourceTitle "BritBase"]
[Source "John Saunders"]
[SourceDate "2023.12.16"]
[SourceVersion "1"]
[SourceVersionDate "2023.12.16"]
[SourceQuality "1"]

1. e4 c5 2. Nf3 e6 3. d4 cxd4 4. Nxd4 Nc6 5. Nc3 d6 6. Be2 Nf6 7. Be3 Be7 8. f4
O-O 9. Qd2 Nxd4 10. Qxd4 Qa5 11. O-O Bd7 12. e5 dxe5 13. fxe5 Nd5 14. Nxd5 exd5
15. c3 Be6 16. Kh1 Qc7 17. Bf4 Rfd8 18. Qf2 Bc5 19. Qh4 Be7 20. Qf2 Bc5 1/2-1/2

[Event "GBR-ch76"]
[Site "Plymouth"]
[Date "1989.08.05"]
[Round "6.25"]
[White "Mack, Andrew L"]
[Black "Lane, Gary William"]
[Result "0-1"]
[WhiteElo "2295"]
[BlackElo "2385"]
[PlyCount "52"]
[EventDate "1989.07.31"]
[EventType "swiss"]
[EventRounds "11"]
[EventCountry "GBR"]
[SourceTitle "BritBase"]
[Source "John Saunders"]
[SourceDate "2023.12.16"]
[SourceVersion "1"]
[SourceVersionDate "2023.12.16"]
[SourceQuality "1"]

1. e3 g6 2. d4 Nf6 3. Nf3 Bg7 4. Be2 O-O 5. O-O d6 6. c4 Nbd7 7. Nc3 e5 8. b4
a5 9. b5 Re8 10. Ba3 e4 11. Nd2 Nf8 12. Qc2 Bf5 13. c5 d5 14. Na4 h5 15. Rfc1
Ne6 16. Qc3 Ng4 17. Nf1 Qg5 18. c6 b6 19. Bd6 Qd8 20. h3 Qxd6 21. hxg4 hxg4 22.
Ng3 Ng5 23. Kf1 Bc8 24. Ke1 f5 25. Kd1 f4 26. exf4 Ne6 0-1

[Event "GBR-ch76"]
[Site "Plymouth"]
[Date "1989.08.05"]
[Round "6.28"]
[White "Houston, David A"]
[Black "Large, Peter G"]
[Result "0-1"]
[WhiteElo "2260"]
[BlackElo "2340"]
[PlyCount "74"]
[EventDate "1989.07.31"]
[EventType "swiss"]
[EventRounds "11"]
[EventCountry "GBR"]
[SourceTitle "BritBase"]
[Source "John Saunders"]
[SourceDate "2023.12.16"]
[SourceVersion "1"]
[SourceVersionDate "2023.12.16"]
[SourceQuality "1"]

1. e4 c5 2. Nf3 d6 3. d4 cxd4 4. c3 Nf6 5. e5 dxe5 6. Nxe5 Nbd7 7. Qxd4 a6 8.
Be2 e6 9. Nxd7 Bxd7 10. Bf3 Qc8 11. Bg5 Be7 12. Nd2 Bc6 13. Ne4 Bxe4 14. Bxe4
Bc5 15. Bxb7 Qxb7 16. Qxc5 Ne4 17. Qa5 O-O 18. Bc1 Rfd8 19. O-O Rd3 20. Qb4 Qc6
21. Be3 Rad8 22. a4 h6 23. a5 f5 24. Qb6 Qc8 25. Rfe1 R8d6 26. Qb3 Kh7 27. Rad1
Rxd1 28. Rxd1 Qb7 29. Bb6 Nc5 30. Qc2 Qe4 31. Qb1 Na4 32. Bd4 e5 33. Be3 Nxb2
34. Rf1 Nd3 35. Qb8 Rg6 36. g3 f4 37. Ba7 Ne1 0-1

[Event "GBR-ch76"]
[Site "Plymouth"]
[Date "1989.08.07"]
[Round "7.1"]
[White "Norwood, David Robert"]
[Black "Plaskett, H James"]
[Result "0-1"]
[WhiteElo "2485"]
[BlackElo "2460"]
[PlyCount "90"]
[EventDate "1989.07.31"]
[EventType "swiss"]
[EventRounds "11"]
[EventCountry "GBR"]
[SourceTitle "BritBase"]
[Source "John Saunders"]
[SourceDate "2023.12.16"]
[SourceVersion "1"]
[SourceVersionDate "2023.12.16"]
[SourceQuality "1"]

1. Nf3 Nf6 2. g3 b5 3. Bg2 Bb7 4. O-O c5 5. d3 e6 6. e4 d6 7. c3 Nc6 8. a4 b4
9. Nbd2 Be7 10. a5 Nxa5 11. e5 Nd7 12. Qa4 Nc6 13. exd6 Bxd6 14. Nc4 Nb6 15.
Qb5 Nxc4 16. Qxb7 N4a5 17. Qb5 O-O 18. Be3 Rb8 19. Qa4 Qc7 20. Ng5 Rfc8 21. Ne4
bxc3 22. bxc3 Nb3 23. Ra3 Nca5 24. Rb1 c4 25. Nxd6 Qxd6 26. Bxa7 Qxd3 27. Rf1
Qxc3 28. Bxb8 Rxb8 29. Qd7 Qb4 30. Ra4 Qc5 31. Rb1 g6 32. Be4 Qe5 33. Bc2 Nc5
34. Rxb8+ Qxb8 35. Qd2 Nxa4 36. Qxa5 Nb6 37. Qc5 Qd8 38. Be4 Kg7 39. Bc6 Qc7
40. Kf1 e5 41. Ke2 Kf6 42. f4 exf4 43. gxf4 Qe7+ 44. Qxe7+ Kxe7 45. Ke3 Kd6 0-1

[Event "GBR-ch76"]
[Site "Plymouth"]
[Date "1989.08.07"]
[Round "7.2"]
[White "Chandler, Murray G"]
[Black "King, Daniel John"]
[Result "1/2-1/2"]
[WhiteElo "2585"]
[BlackElo "2495"]
[PlyCount "53"]
[EventDate "1989.07.31"]
[EventType "swiss"]
[EventRounds "11"]
[EventCountry "GBR"]
[SourceTitle "ChessBase 2017"]
[Source "ChessBase"]
[SourceDate "1990.06.01"]
[SourceVersion "1"]
[SourceVersionDate "1990.06.01"]
[SourceQuality "1"]

1. e4 e6 2. d4 d5 3. Nc3 Nf6 4. e5 Nfd7 5. f4 c5 6. Nf3 Nc6 7. Be3 cxd4 8. Nxd4
Bc5 9. Qd2 O-O 10. O-O-O a6 11. Be2 Bxd4 12. Bxd4 b5 13. Kb1 b4 14. Na4 Qa5 15.
b3 Nxd4 16. Qxd4 Bb7 17. Bf3 Bc6 18. Nb2 Qc5 19. Qxc5 Nxc5 20. Rd4 a5 21. Rc1
Rfc8 22. c4 bxc3 23. Rxc3 Bb5 24. Nd1 Kf8 25. Ne3 Na6 26. Nd1 Ke7 27. Rd2
1/2-1/2